01357nam a2200289 a 4500001001000000005001700010008004100027020001500068020001500083050002100098245012300119260006000242300004200302500023300344500004500577504002900622650003800651650004800689650005000737650003700787650004600824650004800870700002100918942001100939999001500950952010200965BRCA_116820190320203319.0950608s1996 nyua---##b---#001-0#eng-# a0810940302 a0872731340 4aN6553b.C66 199610aConverging CulturesbArt and Identity in Spanish Americacedited by Diana Fane with essays by Diana Fane ... [et al.]. aNueva YorkbHarry N. Abrams : The Brooklyn Museumc1996 a320 p.bil. (algunas a color)c29 cm. aCatálogo de la exposición realizada en The Brooklyn Museum (Nueva York), 1 marzo - 14 julio, 1996, en Phoenix Art Museum, 14 diciembre, 1996 - 23 febrero, 1997 y en Los Angeles Country Museum of Art, 30 marzo - 8 junio, 1997 aIncluye índice alfabético y glosario aBibliografía : 303-31014aArte mexicanovExposiciones9386314aArte colonialvExposicioneszMéxico9363714aArte indígenavExposicioneszMéxico9209514aArte peruanovExposiciones9386414aArte colonialvExposicioneszPerú9386514aArte indígenavExposicioneszPerú938661 aFane, Diana9532 2lcccB c1045d1045 00104070aBRCAbBRCAd2008-06-26l0oN6553 .C66 1996p01687r2019-03-22 00:00:00w2019-03-22yB